Title Sales Tax Act 1972 (Act 64) & Regulations : (Record no. 997)

000 -LEADER
fixed length control field nam a22 a 4500
005 - DATE AND TIME OF LATEST TRANSACTION
control field 20170508103137.0
008 - FIXED-LENGTH DATA ELEMENTS--GENERAL INFORMATION
fixed length control field 170508s2003 my ||||| |||| 00| 0 eng d
020 ## - INTERNATIONAL STANDARD BOOK NUMBER
International Standard Book Number 9678912368
040 ## - CATALOGING SOURCE
Original cataloging agency AKMAL
082 ## - DEWEY DECIMAL CLASSIFICATION NUMBER
Classification number 343.5950552 SAL
090 ## - LOCALLY ASSIGNED LC-TYPE CALL NUMBER (OCLC); LOCAL CALL NUMBER (RLIN)
Classification number (OCLC) (R) ; Classification number, CALL (RLIN) (NR) 343.5950552
Local cutter number (OCLC) ; Book number/undivided call number, CALL (RLIN) SAL
110 1# - MAIN ENTRY--CORPORATE NAME
Corporate name or jurisdiction name as entry element Malaysia
9 (RLIN) 400
240 ## - UNIFORM TITLE
Uniform title Akta Cukai Jualan, 1972.
Language of a work English
245 ## - TITLE STATEMENT
Title Title Sales Tax Act 1972 (Act 64) & Regulations :
Remainder of title as at 15th February 2003) /
Statement of responsibility, etc. compiled by Legal Research Board
260 ## - PUBLICATION, DISTRIBUTION, ETC.
Place of publication, distribution, etc. Petaling Jaya :
Name of publisher, distributor, etc. International Law Book Services,
Date of publication, distribution, etc. 2003.
300 ## - PHYSICAL DESCRIPTION
Extent 131p.
Dimensions 24cm
650 10 - SUBJECT ADDED ENTRY--TOPICAL TERM
Topical term or geographic name entry element Sales tax
General subdivision Law and legislation
Geographic subdivision Malaysia
9 (RLIN) 621
710 2# - ADDED ENTRY--CORPORATE NAME
Corporate name or jurisdiction name as entry element Lembaga Penyelidikan Undang-Undang
9 (RLIN) 2096
942 ## - ADDED ENTRY ELEMENTS (KOHA)
Source of classification or shelving scheme
Koha item type Book
950 ## - LOCAL HOLDINGS (RLIN)
Permanent shelving location, LOC (RLIN) AKMAL
Holdings
Withdrawn status Lost status Source of classification or shelving scheme Damaged status Not for loan Collection code Home library Current library Shelving location Date acquired Inventory number Total Checkouts Full call number Barcode Date last seen Price effective from Koha item type
          NON-FICTION AKMAL Melaka AKMAL Melaka PINJAMAN 08.05.2017 303828   343.5950552 SAL 201701857 08.05.2017 08.05.2017 Book
          NON-FICTION AKMAL Melaka AKMAL Melaka PINJAMAN 08.05.2017 303829   343.5950552 SAL 201701855 08.05.2017 08.05.2017 Book
          NON-FICTION AKMAL Melaka AKMAL Melaka PINJAMAN 08.05.2017 303830   343.5950552 SAL 201701858 08.05.2017 08.05.2017 Book
          NON-FICTION AKMAL Melaka AKMAL Melaka PINJAMAN 08.05.2017 303831   343.5950552 SAL 201701856 08.05.2017 08.05.2017 Book
Pusat Sumber Maklumat Dato' Haji Sarmin Md Hussin, Akademi Kastam Diraja Malaysia, Melaka
Tel: 06-2331106 | Faks: 06-2313787